000 00690nam a2200253 i 4500
001 C2-0119436
003 PPAK
005 20180727111928.0
008 970806s1983 io |||| ||||| | may d
040 _aPPAK
_beng
_cPPAK
_erda
082 0 4 _a899.2212
_223
090 0 0 _a899.2212
_bNOT
_dKAH
090 0 0 _a899.2212
_bNOT
_dKAM
090 0 0 _a899.2212
_bNOT
_dKIH
100 1 _aNotosusanto, Nugroho,
_eauthor
245 1 0 _aTiga kota
264 1 _aJakarta, Indonesia :
_bPN Balai Pustaka ,
_c1983
300 _a76 pages ;
_c21 cm
336 _2rdacontent
_atext
337 _2rdamedia
_aunmediated
338 _2rdacarrier
_avolume
650 1 0 _aShort stories, Indonesian
942 _ddc
_cB
999 _c33057
_d33057